[Event "Mistrovstvi CR senioru nad 50 let"]
[Site "Pelcovo divadlo Rychnov nad Kneznou, Panska ulice"]
[Date "2015.08.15"]
[Round "1.1"]
[White "Zmeskal, Stanislav"]
[Black "Kozak, Milos"]
[Result "0-1"]
[WhiteElo "1713"]
[BlackElo "2160"]
[PlyCount "0"]
[EventDate "2015.08.15"]
[PlyCount "86"]

1. e4 c6 2. d4 d5 3. e5 Bf5 4. Bd3 Bxd3 5. Qxd3 e6 6. Nf3 Qa5+ 7. Bd2 Qa6 8.
Qxa6 Nxa6 9. a3 Ne7 10. O-O h5 11. Bg5 Nf5 12. h4 c5 13. c3 Rc8 14. Nbd2 Nb8
15. Rac1 c4 16. Rfe1 Nd7 17. Nf1 Rc6 18. Ne3 Nxe3 19. fxe3 b5 20. e4 dxe4 21.
Rxe4 Nb6 22. Rd1 Nd5 23. Nh2 f6 24. exf6 gxf6 25. Bc1 Be7 26. Rde1 Kd7 27. Nf3
Rg8 28. Bf4 a5 29. Bh2 Ra6 30. Ra1 Raa8 31. Kf2 b4 32. cxb4 axb4 33. Rae1 bxa3
34. bxa3 Ra6 35. a4 c3 36. Ra1 Rc8 37. Ne1 f5 38. Re2 Bxh4+ 39. g3 Bf6 40. Nc2
Rc4 41. a5 Bxd4+ 42. Nxd4 Rxd4 43. Ke1 Rg4 0-1

[Event "Mistrovstvi CR senioru nad 50 let"]
[Site "Pelcovo divadlo Rychnov nad Kneznou, Panska ulice"]
[Date "2015.08.15"]
[Round "1.2"]
[White "Urban, Zdenek"]
[Black "Zoufaly, Petr"]
[Result "1-0"]
[WhiteElo "2128"]
[BlackElo "1712"]
[PlyCount "0"]
[EventDate "2015.08.15"]
[PlyCount "79"]

1. e4 e6 2. d3 Nf6 3. Nf3 Be7 4. g3 Nc6 5. Bg2 d5 6. Nbd2 dxe4 7. dxe4 O-O 8.
O-O Nd7 9. Qe2 Nde5 10. Rd1 Qe8 11. Nc4 Nxf3+ 12. Bxf3 e5 13. c3 b6 14. Ne3 Be6
15. Bg4 Bxg4 16. Qxg4 Qc8 17. Nf5 g6 18. Nxe7+ Nxe7 19. Qd7 Rd8 20. Qxc8 Raxc8
21. Bg5 Re8 22. Bf6 Nc6 23. g4 h6 24. h4 Re6 25. g5 h5 26. Rd5 Na5 27. Rad1 Nb7
28. Rxe5 Rxe5 29. Bxe5 Kf8 30. Bf6 Nc5 31. f3 Ke8 32. Kf2 Nd7 33. Ke3 c5 34. c4
Rc6 35. Bc3 Ke7 36. f4 f6 37. f5 gxf5 38. exf5 Ne5 39. Bxe5 fxe5 40. Ke4 1-0

[Event "Mistrovstvi CR senioru nad 50 let"]
[Site "Rychnov nad Kneznou"]
[Date "2015.08.15"]
[Round "1.3"]
[White "Cvejn, Jaroslav"]
[Black "Elias, Miroslav"]
[Result "0-1"]
[WhiteElo "1696"]
[BlackElo "2083"]
[PlyCount "78"]
[EventDate "2015.08.15"]

1. e4 e5 2. Nf3 Nf6 3. Nc3 Bb4 4. d3 d5 5. exd5 O-O 6. Bd2 Nxd5 7. Ne4 Bxd2+ 8.
Qxd2 Nc6 9. g3 f5 10. Nc3 f4 11. Bg2 Bg4 12. O-O-O Nxc3 13. Qxc3 Qd5 14. Ne1
Qxa2 15. f3 Nd4 16. Qa3 Qxa3 17. bxa3 Bh5 18. g4 Bf7 19. Kd2 b5 20. c3 Nb3+ 21.
Ke2 a5 22. Nc2 c5 23. Rhe1 Bg6 24. Kf2 Rfe8 25. Bf1 c4 26. Re4 Bxe4 27. fxe4
Rad8 28. Ne1 Nc5 29. Kf3 g5 30. Rd2 Rd6 31. Rc2 cxd3 32. Rd2 Red8 33. h3 Kg7
34. Ng2 Na4 35. Ne1 Nc5 36. Ng2 Nb3 37. Rd1 Rc6 38. Ne1 Rxc3 39. Nxd3 Nd4+ 0-1

[Event "Mistrovstvi CR senioru nad 50 let"]
[Site "Rychnov nad Kneznou"]
[Date "2015.08.15"]
[Round "1.4"]
[White "Humlicek, Vojtech"]
[Black "Jagiela, Piotr"]
[Result "1-0"]
[WhiteElo "2012"]
[BlackElo "1696"]
[PlyCount "101"]
[EventDate "2015.08.15"]

1. e4 d6 2. d4 e5 3. dxe5 dxe5 4. Qxd8+ Kxd8 5. Bc4 f6 6. Nc3 c6 7. Be3 b5 8.
O-O-O+ Kc7 9. Bf7 Nd7 10. Nge2 g6 11. h4 Nh6 12. Be6 Nb6 13. Bxc8 Rxc8 14. f3
b4 15. Nb1 Nf7 16. b3 Rd8 17. c4 Be7 18. g4 Rxd1+ 19. Kxd1 Nd7 20. Ng3 Bc5 21.
Ke2 Bxe3 22. Kxe3 Nc5 23. h5 a5 24. Nd2 Kd6 25. Ne2 g5 26. Ng3 Ra8 27. Nf5+ Kc7
28. a3 a4 29. axb4 Nxb3 30. Nxb3 axb3 31. Rb1 Ra3 32. Rb2 Nd8 33. Kd3 Nb7 34.
Kc3 c5 35. Ne3 Kd6 36. Rxb3 cxb4+ 37. Kxb4 Ra7 38. Nf5+ Ke6 39. Rd3 Ra1 40.
Ng7+ Ke7 41. Nf5+ Ke6 42. Rb3 Rg1 43. Kb5 Nd6+ 44. Nxd6 Kxd6 45. Rd3+ Kc7 46.
Ra3 Kb7 47. Kc5 Rd1 48. Rb3+ Kc7 49. Rb6 Kd7 50. Rxf6 Ke7 51. Rf5 1-0

[Event "Mistrovstvi CR senioru nad 50 let"]
[Site "Rychnov nad Kneznou"]
[Date "2015.08.15"]
[Round "1.5"]
[White "Vorel, Bohuslav"]
[Black "Malinovsky, Petr"]
[Result "0-1"]
[WhiteElo "1693"]
[BlackElo "2006"]
[PlyCount "64"]
[EventDate "2015.08.15"]

1. d4 d5 2. Nf3 e6 3. e3 c6 4. c4 f5 5. Nc3 Nf6 6. cxd5 cxd5 7. Be2 Nbd7 8. O-O
Bd6 9. h3 O-O 10. Bd2 Ne4 11. Nb5 Nxd2 12. Nxd6 Nxf1 13. Kxf1 Qb6 14. Nxc8
Raxc8 15. Qd2 Rc7 16. Ne1 Rfc8 17. Bd1 Qd6 18. f4 Nf6 19. Bf3 Ne4 20. Bxe4 fxe4
21. g3 Rc4 22. a3 Qc6 23. Rb1 Rc1 24. Rxc1 Qxc1 25. Ke2 Qxd2+ 26. Kxd2 h6 27.
Ng2 Kf7 28. g4 g5 29. b3 Kf6 30. a4 a5 31. h4 gxh4 32. Nxh4 Rg8 0-1

[Event "Mistrovstvi CR senioru nad 60 let"]
[Site "Rychnov nad Kneznou"]
[Date "2015.08.15"]
[Round "1.1"]
[White "Bartosek, Ivan"]
[Black "Sejkora, Vlastimil"]
[Result "0-1"]
[WhiteElo "1812"]
[BlackElo "2260"]
[PlyCount "0"]
[EventDate "2015.08.15"]
[PlyCount "110"]

1. e4 g6 2. f4 c6 3. d4 d5 4. e5 Bf5 5. Nf3 e6 6. b3 Nd7 7. c4 Ne7 8. Nc3 h5 9.
h3 h4 10. Be3 c5 11. dxc5 dxc4 12. Bxc4 Qa5 13. Qd2 Nc6 14. Nb5 Nb4 15. O-O
Bxc5 16. Bxc5 Nxc5 17. Nd6+ Kf8 18. Nxf5 gxf5 19. a3 Nc6 20. b4 Ne4 21. bxa5
Nxd2 22. Nxd2 Nxa5 23. Ba2 Rd8 24. Rad1 Ke7 25. Nf3 Rc8 26. Rc1 Nc6 27. Rfd1
Rcd8 28. Bb3 Rxd1+ 29. Bxd1 f6 30. Ba4 fxe5 31. Bxc6 e4 32. Bxb7 exf3 33. Bxf3
Kf6 34. Rc7 a5 35. Kf2 Rb8 36. Rb7 Rc8 37. Rb5 Rc4 38. Rxa5 Rxf4 39. a4 Rb4 40.
g4 hxg3+ 41. Kxg3 Rb3 42. Rb5 Ra3 43. a5 e5 44. Kf2 e4 45. Be2 f4 46. Rb6+ Ke5
47. a6 Ra2 48. Ke1 Ra1+ 49. Kd2 f3 50. Bc4 Kd4 51. Bb5 e3+ 52. Kc2 e2 53. Re6
e1=Q 54. Rxe1 Rxe1 55. Kb2 Re7 0-1

[Event "Mistrovstvi CR senioru nad 60 let"]
[Site "Rychnov nad Kneznou"]
[Date "2015.08.15"]
[Round "1.2"]
[White "Mlynek, Petr"]
[Black "Kindl, Frantisek"]
[Result "1/2-1/2"]
[WhiteElo "2197"]
[BlackElo "1810"]
[PlyCount "0"]
[EventDate "2015.08.15"]
[PlyCount "94"]

1. d4 d5 2. c4 Nf6 3. cxd5 Nxd5 4. e4 Nf6 5. Nc3 e6 6. Nf3 Be7 7. Bd3 c5 8. O-O
Nc6 9. dxc5 Nd7 10. Qe2 Nxc5 11. Bb1 a6 12. Be3 O-O 13. e5 g6 14. Rc1 Nd7 15.
Bf4 Qb6 16. Ne4 Nd4 17. Nxd4 Qxd4 18. Rc4 Qd5 19. Nd6 Nxe5 20. Nxc8 Raxc8 21.
Rxc8 Rxc8 22. Be4 Qc4 23. Qxc4 Rxc4 24. f3 Nc6 25. b3 Rc3 26. Rd1 Bc5+ 27. Kf1
Be3 28. Bxe3 Rxe3 29. Rd7 Nb4 30. Bxb7 Nxa2 31. Bxa6 Rxb3 32. Bc4 Rb2 33. Rc7
Nb4 34. Rb7 Nd3 35. Rxb2 Nxb2 36. Bb5 Nd1 37. Bd3 Ne3+ 38. Kf2 Nd5 39. Bc4 Nf6
40. Ke3 Kg7 41. g4 h6 42. h4 Nd7 43. f4 Kf6 44. g5+ hxg5 45. hxg5+ Ke7 46. Kd4
f6 47. Bb5 Nf8 1/2-1/2

[Event "Mistrovstvi CR senioru nad 60 let"]
[Site "Rychnov nad Kneznou"]
[Date "2015.08.15"]
[Round "1.3"]
[White "Pokorny, Jan"]
[Black "Novotny, Josef"]
[Result "1/2-1/2"]
[WhiteElo "1803"]
[BlackElo "2150"]
[PlyCount "0"]
[EventDate "2015.08.15"]
[PlyCount "67"]

1. Nf3 e6 2. d4 d6 3. e3 f5 4. b3 Nf6 5. Bb2 Be7 6. Nbd2 O-O 7. Bd3 Nc6 8. c3
d5 9. Ne5 Nxe5 10. dxe5 Ng4 11. Nf3 Bd7 12. h3 Nh6 13. Qc2 a5 14. g4 a4 15.
gxf5 Nxf5 16. Nd4 Nxe3 17. Bxh7+ Kh8 18. fxe3 Bh4+ 19. Kd1 Qg5 20. Qg6 Rf2 21.
Qxg5 Bxg5 22. Bc2 c5 23. Ne2 Bxe3 24. Bc1 d4 25. Bxe3 dxe3 26. Ke1 Raf8 27. Rd1
Bc6 28. Rg1 Bg2 29. Nf4 Rxc2 30. Rxg2 Rxg2 31. Nxg2 Rf2 32. Nxe3 Rxa2 33. bxa4
Rxa4 34. Rb1 1/2-1/2

[Event "Mistrovstvi CR senioru nad 60 let"]
[Site "Rychnov nad Kneznou"]
[Date "2015.08.15"]
[Round "1.4"]
[White "Vorobyov, Yrij"]
[Black "Kolek, Josef"]
[Result "1-0"]
[WhiteElo "2130"]
[BlackElo "1798"]
[PlyCount "0"]
[EventDate "2015.08.15"]
[PlyCount "83"]

1. Nf3 b6 2. g3 Bb7 3. Bg2 d6 4. d4 Nd7 5. Nc3 Ngf6 6. Qd3 g6 7. O-O Bg7 8. e4
O-O 9. Bg5 h6 10. Bf4 c5 11. d5 Nh5 12. Be3 a6 13. a4 Nhf6 14. h3 Ne8 15. Nd2
a5 16. f4 Ba6 17. Nc4 Rb8 18. Rfe1 Nc7 19. Bf1 b5 20. axb5 Nxb5 21. Rxa5 Nc7
22. Na4 Bxc4 23. Qxc4 Rb4 24. Qd3 Nxd5 25. exd5 Qxa5 26. Nc3 Rxb2 27. Bd2 Qd8
28. Nb5 Ra2 29. c4 Nf6 30. g4 Re8 31. Bc3 Ra4 32. Be2 Qd7 33. Rf1 Ra6 34. g5
hxg5 35. fxg5 Nh5 36. Bxh5 gxh5 37. Bxg7 Kxg7 38. Rxf7+ Kxf7 39. Qh7+ Kf8 40.
g6 Ra1+ 41. Kg2 Ra2+ 42. Kg3 1-0

[Event "Mistrovstvi CR senioru nad 60 let"]
[Site "Rychnov nad Kneznou"]
[Date "2015.08.15"]
[Round "1.5"]
[White "Vlachopulos, Elefteris"]
[Black "Salac, Jiri"]
[Result "0-1"]
[WhiteElo "1798"]
[BlackElo "2128"]
[PlyCount "0"]
[EventDate "2015.08.15"]
[PlyCount "49"]

1. d4 d5 2. Nf3 c6 3. c4 dxc4 4. a4 b5 5. e4 Bb7 6. Na3 a6 7. g3 e6 8. Bd2 Nf6
9. Qc2 c5 10. axb5 Bxe4 11. Qd1 axb5 12. Bg2 Qb6 13. dxc5 Bxc5 14. O-O O-O 15.
b4 Be7 16. Re1 Rd8 17. Qc1 Nc6 18. Qb2 Rd3 19. Be3 Qb7 20. Nc2 Rb3 21. Rxa8+
Qxa8 22. Ra1 Qb7 23. Qa2 Nxb4 24. Qa8+ Qxa8 25. Rxa8+ 0-1

[Event "Mistrovstvi CR senioru nad 60 let"]
[Site "Rychnov nad Kneznou"]
[Date "2015.08.15"]
[Round "1.6"]
[White "Juricek, Stanislav"]
[Black "Laska, Zdenek"]
[Result "1/2-1/2"]
[WhiteElo "2112"]
[BlackElo "1797"]
[PlyCount "0"]
[EventDate "2015.08.15"]
[PlyCount "52"]

1. e4 c5 2. Nf3 d6 3. d4 cxd4 4. Qxd4 Nc6 5. Bb5 Bd7 6. Bxc6 Bxc6 7. Nc3 Nf6 8.
Bg5 e6 9. O-O-O Be7 10. Rhe1 O-O 11. Qd2 Qc7 12. Nd4 a6 13. f3 Rfd8 14. Kb1
Rac8 15. g4 b5 16. Nce2 a5 17. Ng3 b4 18. Nxc6 Qxc6 19. Nh5 a4 20. Bxf6 Bxf6
21. Nxf6+ gxf6 22. g5 f5 23. exf5 b3 24. cxb3 axb3 25. axb3 Qxf3 26. Rf1 Qxb3
1/2-1/2

[Event "Mistrovstvi CR senioru nad 60 let"]
[Site "Rychnov nad Kneznou"]
[Date "2015.08.15"]
[Round "1.7"]
[White "Kotva, Milan"]
[Black "Jablecnik, Gustav"]
[Result "1/2-1/2"]
[WhiteElo "2006"]
[BlackElo "2102"]
[PlyCount "0"]
[EventDate "2015.08.15"]
[PlyCount "71"]

1. e4 e5 2. Nf3 Nc6 3. Bb5 a6 4. Ba4 b5 5. Bb3 Bc5 6. c3 d6 7. d4 exd4 8. cxd4
Bb4+ 9. Nc3 Nf6 10. O-O O-O 11. Bg5 Bxc3 12. bxc3 h6 13. Bxf6 Qxf6 14. Nd2 Ne7
15. a4 Be6 16. axb5 axb5 17. f4 Bxb3 18. Nxb3 Qe6 19. d5 Rxa1 20. dxe6 Rxd1 21.
Rxd1 fxe6 22. Nd4 Rxf4 23. Nxe6 Rxe4 24. Nxc7 Nf5 25. Nxb5 Re2 26. Rd3 Ne3 27.
Nd4 Rxg2+ 28. Kh1 Nd5 29. Kxg2 Nf4+ 30. Kf3 Nxd3 31. Ke4 Nc5+ 32. Kd5 Kf7 33.
c4 Kf6 34. Nb5 g5 35. Nxd6 Na6 36. Ne4+ 1/2-1/2

[Event "Mistrovstvi CR senioru nad 60 let"]
[Site "Rychnov nad Kneznou"]
[Date "2015.08.15"]
[Round "1.8"]
[White "Drabek, Miloslav"]
[Black "Mares, Ilja"]
[Result "1/2-1/2"]
[WhiteElo "2079"]
[BlackElo "1787"]
[PlyCount "98"]
[EventDate "2015.08.15"]

1. d4 Nf6 2. Nf3 g6 3. c4 Bg7 4. g3 O-O 5. Bg2 d6 6. O-O Nc6 7. Nc3 Bg4 8. h3
Bd7 9. e4 e5 10. Be3 Re8 11. d5 Na5 12. Qd3 b6 13. b4 Nb7 14. Rfd1 Qe7 15. Qd2
Qf8 16. Rac1 h6 17. Qc2 Rec8 18. Qe2 a5 19. a3 Qe8 20. Ra1 Bf8 21. Rdc1 Kh7 22.
g4 Ng8 23. Qc2 Be7 24. Kh2 Qd8 25. Qe2 Bg5 26. Nxg5+ hxg5 27. Qd2 f6 28. Bf1
Kg7 29. Bd3 Nh6 30. f3 Qh8 31. Kg2 Qf8 32. h4 Nf7 33. hxg5 fxg5 34. Bxg5 Nxg5
35. Qxg5 Qf4 36. Qxf4 exf4 37. Ne2 g5 38. Nd4 Kf6 39. Rh1 Rh8 40. Rxh8 Rxh8 41.
Rh1 Rxh1 42. Kxh1 axb4 43. axb4 Ke5 44. Nf5 Nd8 45. Bf1 Nf7 46. Ng7 Kf6 47. Nf5
Ba4 48. Be2 Bd7 49. Kg2 Ke5 1/2-1/2

[Event "Mistrovstvi CR senioru nad 60 let"]
[Site "Rychnov nad Kneznou"]
[Date "2015.08.15"]
[Round "1.9"]
[White "Splitek, Lubos"]
[Black "Lorenc, Oldrich"]
[Result "0-1"]
[WhiteElo "1777"]
[BlackElo "2050"]
[PlyCount "74"]
[EventDate "2015.08.15"]

1. e4 g6 2. d4 Bg7 3. f4 d6 4. Nf3 c5 5. Bc4 cxd4 6. Nxd4 Nf6 7. Nc3 O-O 8. e5
dxe5 9. fxe5 Ng4 10. e6 Qxd4 11. exf7+ Kh8 12. Qxd4 Bxd4 13. Nb5 Bf2+ 14. Ke2
Bb6 15. h3 Ne5 16. Bh6 Rxf7 17. Bxf7 Nxf7 18. Be3 Bd7 19. a4 Na6 20. Rhd1 Bc6
21. g4 Nc5 22. c4 Ne4 23. a5 Bxe3 24. Kxe3 Ne5 25. Rd4 Bxb5 26. cxb5 Nd6 27.
Rad1 Nec4+ 28. Kf4 Rf8+ 29. Kg3 Nxa5 30. Rf4 Rc8 31. b4 Nac4 32. Rc1 Kg7 33. g5
e5 34. Rg4 e4 35. Rf4 Re8 36. Kf2 Re5 37. Ra1 Nxb5 0-1

[Event "Mistrovstvi CR senioru nad 60 let"]
[Site "Rychnov nad Kneznou"]
[Date "2015.08.15"]
[Round "1.11"]
[White "Bainhofner, Jiri"]
[Black "Pribyl, Jaroslav"]
[Result "1-0"]
[WhiteElo "1761"]
[BlackElo "2022"]
[PlyCount "99"]
[EventDate "2015.08.15"]

1. e4 c5 2. Nc3 Nc6 3. f4 g6 4. Nf3 Bg7 5. Bc4 e6 6. O-O Nge7 7. Qe1 O-O 8. e5
Nf5 9. Bb3 d5 10. d3 a6 11. Ne2 h5 12. Ng3 Nfd4 13. c3 Nxb3 14. axb3 b6 15. Be3
Re8 16. d4 Bf8 17. Ne2 Bb7 18. Ng5 f6 19. Nf3 Rc8 20. Qg3 Kf7 21. Nh4 Ne7 22.
exf6 Kxf6 23. f5 exf5 24. Nxg6 Nxg6 25. Bg5+ Kg7 26. Bxd8 Rxe2 27. Bxb6 Re4 28.
Rxf5 Rg4 29. Qf2 Bc6 30. h3 Re4 31. Bxc5 Bxc5 32. dxc5 Rce8 33. Rg5 R8e6 34.
Rf1 Kh6 35. Rf5 Bb5 36. Rd1 h4 37. Qd2+ Kg7 38. Qg5 Re3 39. Rf3 Re2 40. Rd4
R2e5 41. Qd8 Re1+ 42. Kh2 Rb1 43. Qc7+ Re7 44. Qd6 Ree1 45. Qf6+ Kh7 46. Rxh4+
Nxh4 47. Qxh4+ Kg7 48. Qg5+ Kh8 49. Rf8+ Kh7 50. Rf7+ 1-0

[Event "Mistrovstvi CR senioru nad 60 let"]
[Site "Rychnov nad Kneznou"]
[Date "2015.08.15"]
[Round "1.12"]
[White "Uhmann, Jan"]
[Black "Kasik, Miroslav"]
[Result "1-0"]
[WhiteElo "2019"]
[BlackElo "1753"]
[PlyCount "197"]
[EventDate "2015.08.15"]

1. d4 d5 2. Bg5 h6 3. Bh4 Bf5 4. Nd2 Nd7 5. h3 Ngf6 6. e3 e6 7. Bg3 c6 8. c3
Be7 9. Ngf3 Ne4 10. Nxe4 Bxe4 11. Nd2 Bg6 12. Qb3 Qb6 13. Be2 O-O 14. O-O Qxb3
15. axb3 c5 16. Rfc1 a6 17. dxc5 Nxc5 18. b4 Ne4 19. Nxe4 Bxe4 20. b5 axb5 21.
Bxb5 Rfc8 22. f3 Bg6 23. Kf2 Bc5 24. Ke2 Be7 25. Bd7 Rd8 26. Bb5 Rdc8 27. Kd2
Bf5 28. Bd3 Bxd3 29. Kxd3 Bf6 30. Bd6 g6 31. g4 Bg7 32. Kc2 Bf8 33. Bg3 Bc5 34.
Rxa8 Rxa8 35. Re1 Kf8 36. e4 dxe4 37. Rxe4 Ke7 38. Kb3 Bd6 39. Bf2 Kd7 40. Re1
Kc6 41. Be3 Bf8 42. Rd1 b5 43. Kc2 Bg7 44. Bf4 Bf8 45. Kb1 Re8 46. Be5 Ra8 47.
b3 Be7 48. Bf4 Bf8 49. Kb2 Ba3+ 50. Kb1 Bf8 51. b4 g5 52. Be5 Be7 53. Kb2 f6
54. Bg3 e5 55. Kb3 Ra4 56. Be1 Ra8 57. c4 bxc4+ 58. Kxc4 Ra2 59. Rd2 Ra1 60.
b5+ Kc7 61. Bf2 Rc1+ 62. Kd5 Kd7 63. b6 Rb1 64. Rc2 Bd6 65. Ra2 Rb5+ 66. Kc4
Rb4+ 67. Kd3 Bb8 68. Rc2 Rb3+ 69. Rc3 Rb1 70. Ke4 Rh1 71. Rd3+ Kc6 72. Rd8 Bd6
73. b7 Rb1 74. Kf5 Rxb7 75. Ke6 Re7+ 76. Kxf6 e4 77. fxe4 Rxe4 78. Kg6 Re6+ 79.
Kh5 Rf6 80. Be1 Rf3 81. Rc8+ Kd7 82. Rc3 Rf6 83. Rd3 Ke7 84. Bc3 Re6 85. Bg7
Bf4 86. Bxh6 Re5 87. Rb3 Kf7 88. Rb7+ Ke6 89. Kg6 Bc1 90. h4 Be3 91. Bxg5 Bxg5
92. hxg5 Re1 93. Rb4 Ke7 94. Kg7 Re5 95. g6 Rg5 96. Re4+ Kd7 97. Kf6 Ra5 98. g7
Ra8 99. Kf7 1-0

[Event "Mistrovstvi CR senioru nad 60 let"]
[Site "Rychnov nad Kneznou"]
[Date "2015.08.15"]
[Round "1.13"]
[White "Burdilak, Milan"]
[Black "Hlavac, Frantisek"]
[Result "0-1"]
[WhiteElo "1743"]
[BlackElo "2010"]
[PlyCount "80"]
[EventDate "2015.08.15"]

1. d4 Nf6 2. Nf3 g6 3. g3 Bg7 4. Bg2 O-O 5. O-O d6 6. c4 c6 7. Nc3 Nbd7 8. e4
e5 9. d5 cxd5 10. cxd5 Qb6 11. Qe2 Nc5 12. Be3 Ng4 13. Na4 Qa5 14. Bxc5 dxc5
15. Nc3 Bd7 16. a4 a6 17. Nd2 Qb4 18. Rfb1 b5 19. axb5 axb5 20. Rxa8 Rxa8 21.
Bh3 Nf6 22. Bxd7 Nxd7 23. Qxb5 Qxb5 24. Nxb5 Rb8 25. Na7 Bh6 26. Nc4 Rb4 27. b3
f6 28. Nc6 Rb5 29. Nd6 Rb6 30. b4 cxb4 31. Rxb4 Rxb4 32. Nxb4 Bf8 33. Nd3 Bxd6
34. Kg2 Nc5 35. Nxc5 Bxc5 36. f4 Bd6 37. Kf3 Kf7 38. h4 h5 39. fxe5 fxe5 40. g4
Ke7 0-1

[Event "Mistrovstvi CR senioru nad 60 let"]
[Site "Rychnov nad Kneznou"]
[Date "2015.08.15"]
[Round "1.14"]
[White "Wiedermann, Jan"]
[Black "Just, Pavel"]
[Result "0-1"]
[WhiteElo "1729"]
[BlackElo "1999"]
[PlyCount "80"]
[EventDate "2015.08.15"]

1. d4 Nf6 2. c4 e6 3. Nc3 Bb4 4. a3 Bxc3+ 5. bxc3 c5 6. d5 Qa5 7. Bb2 d6 8. f3
e5 9. e3 Bf5 10. e4 Bg6 11. Bd3 Nbd7 12. Qb3 O-O 13. Ne2 Rab8 14. Qb5 Qc7 15.
O-O Nh5 16. g4 Nf4 17. Nxf4 exf4 18. Bc1 Ne5 19. Be2 a6 20. Qb3 b5 21. cxb5 c4
22. Qc2 Qc5+ 23. Kg2 Rxb5 24. Bxf4 Rfb8 25. Rfb1 Rb3 26. Bxe5 dxe5 27. Rxb3
Rxb3 28. Rb1 Qxa3 29. Bxc4 Rxb1 30. Qxb1 Qd6 31. Bxa6 h5 32. Bd3 hxg4 33. fxg4
f6 34. Qb4 Qd7 35. h3 Qa7 36. Qb2 Qe3 37. Qe2 Bxe4+ 38. Kh2 Qf4+ 39. Kg1 Qg3+
40. Kf1 Bxd3 0-1

[Event "Mistrovstvi CR senioru nad 60 let"]
[Site "Rychnov nad Kneznou"]
[Date "2015.08.15"]
[Round "1.15"]
[White "Trojan, Lubos"]
[Black "Brhlik, Antonin"]
[Result "1-0"]
[WhiteElo "1998"]
[BlackElo "1725"]
[PlyCount "55"]
[EventDate "2015.08.15"]

1. d4 Nf6 2. Nf3 g6 3. Bg5 Bg7 4. Nbd2 c5 5. e3 Nc6 6. Be2 O-O 7. O-O d6 8. c3
e5 9. d5 Ne7 10. e4 Ne8 11. Ne1 f6 12. Be3 f5 13. f4 Bh6 14. g3 Nf6 15. Ng2
exf4 16. Bxf4 Bxf4 17. Rxf4 Kg7 18. c4 g5 19. Rf2 fxe4 20. Ne3 Qe8 21. Qc2 Qg6
22. Raf1 Bh3 23. Re1 Bd7 24. Qc3 Kg8 25. Ref1 Nh5 26. Bxh5 Qxh5 27. Nxe4 Rxf2
28. Rxf2 1-0

[Event "Mistrovstvi CR senioru nad 60 let"]
[Site "Rychnov nad Kneznou"]
[Date "2015.08.15"]
[Round "1.16"]
[White "Korinek, Jaroslav"]
[Black "Zboril, Jaroslav"]
[Result "1/2-1/2"]
[WhiteElo "1720"]
[BlackElo "1998"]
[PlyCount "75"]
[EventDate "2015.08.15"]

1. e4 d6 2. d4 Nf6 3. Bd3 e5 4. d5 Be7 5. Ne2 O-O 6. c4 Na6 7. Nbc3 c6 8. O-O
Nc5 9. Bc2 a5 10. b3 cxd5 11. exd5 Bg4 12. f3 Bh5 13. Ng3 Bg6 14. Bxg6 hxg6 15.
Be3 Nfd7 16. Nb5 f5 17. Bd2 Nf6 18. Bc3 Qb6 19. Kh1 Kf7 20. Qc2 Rh8 21. h3 Nh5
22. Nxh5 Rxh5 23. Rae1 Bh4 24. g4 Rh6 25. Re2 f4 26. Kg2 Rah8 27. Rh1 Bf6 28.
Bd2 Qd8 29. b4 axb4 30. Bxb4 b6 31. Na7 R8h7 32. Nc6 Qh8 33. Bxc5 bxc5 34. Qa4
g5 35. Nxe5+ dxe5 36. Qd7+ Kg6 37. Qf5+ Kf7 38. Qd7+ 1/2-1/2

[Event "Mistrovstvi CR senioru nad 60 let"]
[Site "Rychnov nad Kneznou"]
[Date "2015.08.15"]
[Round "1.17"]
[White "Ondrejat, Miroslav"]
[Black "Pospisil, Petr"]
[Result "1-0"]
[WhiteElo "1992"]
[BlackElo "1717"]
[PlyCount "55"]
[EventDate "2015.08.15"]

1. d4 d5 2. c4 c6 3. Nc3 Nf6 4. Nf3 Bf5 5. Bf4 e6 6. e3 Bb4 7. a3 Bd6 8. Ne5
O-O 9. c5 Bxe5 10. Bxe5 Re8 11. Be2 Nbd7 12. Bd6 e5 13. O-O e4 14. b4 a6 15.
Bg3 Nf8 16. a4 Bd7 17. b5 axb5 18. axb5 Rxa1 19. Qxa1 Qa8 20. Qb2 Qc8 21. Ra1
Bg4 22. bxc6 bxc6 23. Ba6 Qe6 24. Bb7 Nh5 25. Qb6 Nxg3 26. hxg3 Rb8 27. Qxc6
Qe7 28. Rb1 1-0

[Event "Mistrovstvi CR senioru nad 60 let"]
[Site "Rychnov nad Kneznou"]
[Date "2015.08.15"]
[Round "1.18"]
[White "Dvorak, Eduard"]
[Black "Sobotnik, Petr"]
[Result "1/2-1/2"]
[WhiteElo "1697"]
[BlackElo "1984"]
[PlyCount "51"]
[EventDate "2015.08.15"]

1. e4 c6 2. Nc3 d5 3. Nf3 Bg4 4. exd5 cxd5 5. h3 Bf5 6. Bb5+ Bd7 7. Qe2 Nf6 8.
d4 a6 9. Bd3 e6 10. a3 Qb6 11. O-O Nc6 12. Qe3 Bd6 13. Ne2 h6 14. c3 Rc8 15.
Nf4 Qc7 16. Ne2 O-O 17. Bc2 Na5 18. Nd2 Bb5 19. Re1 Rfe8 20. Bd3 Nc4 21. Nxc4
Bxc4 22. Bxc4 Qxc4 23. Qf3 Ne4 24. Qg4 Kf8 25. Nf4 Bxf4 26. Bxf4 1/2-1/2

[Event "Mistrovstvi CR senioru nad 60 let"]
[Site "Rychnov nad Kneznou"]
[Date "2015.08.15"]
[Round "1.19"]
[White "Dolezal, Radoslav"]
[Black "Janecek, Frantisek"]
[Result "1/2-1/2"]
[WhiteElo "1964"]
[BlackElo "1697"]
[PlyCount "121"]
[EventDate "2015.08.15"]

1. e4 c5 2. c3 d6 3. d4 Nd7 4. Nf3 a6 5. Bd3 e5 6. O-O Ngf6 7. b3 Be7 8. Nbd2
b5 9. a4 Rb8 10. axb5 axb5 11. Qe2 Qb6 12. Bb2 O-O 13. Rfb1 Ba6 14. Nf1 Nh5 15.
g3 Nhf6 16. Ne3 g6 17. dxe5 Nxe5 18. Nxe5 dxe5 19. c4 Bd6 20. cxb5 Bxb5 21. Nc4
Bxc4 22. Bxc4 Qb7 23. f3 Ra8 24. Rxa8 Rxa8 25. Ra1 Rxa1+ 26. Bxa1 Qb4 27. Kf2
Qa5 28. Bb2 Kg7 29. Qc2 Nd7 30. Bc3 Qc7 31. Qd2 Nb6 32. Ba5 Qb8 33. Bb5 Nc8 34.
Bd7 Ne7 35. Ba4 Nc8 36. Bc3 Qa7 37. Kg2 Qc7 38. h4 h6 39. Bb5 Kh7 40. Bd3 Qe7
41. Qe2 f6 42. Qa2 Qa7 43. Qxa7+ Nxa7 44. g4 Kg7 45. Kf2 Nc6 46. Bc4 f5 47.
exf5 gxf5 48. Ke3 Ne7 49. Be6 Kf6 50. Bxf5 Nxf5+ 51. gxf5 Kxf5 52. Be1 h5 53.
Kd3 Be7 54. Kc4 e4 55. fxe4+ Kxe4 56. Bf2 Ke5 57. Bxc5 Bxh4 58. b4 Bd8 59. Bg1
Kd6 60. b5 Kc7 61. Bf2 1/2-1/2

[Event "Mistrovstvi CR senioru nad 60 let"]
[Site "Rychnov nad Kneznou"]
[Date "2015.08.15"]
[Round "1.20"]
[White "Bukacek, Lubomir"]
[Black "Briza, Jiri"]
[Result "0-1"]
[WhiteElo "1696"]
[BlackElo "1947"]
[PlyCount "0"]
[EventDate "2015.08.15"]

1. d4 Nf6 2. c4 e6 3. Nc3 Bb4 4. Qc2 b6 5. Bg5 Bb7 6. Nf3 O-O 7. e3 h6 8. Bxf6
Qxf6 9. Be2 d6 10. O-O Bxc3 11. Qxc3 Nd7 12. Rad1 a5 13. Nd2 Qg6 14. Bf3 Bxf3
15. Nxf3 Rfe8 16. Rfe1 e5 17. dxe5 Nxe5 18. Nxe5 Rxe5 19. Qd3 Qf6 20. a4 Rae8
21. Qc3 Qe7 22. Rd5 Qd7 23. Red1 Qxa4 24. b3 Qc6 25. h3 Rxd5 26. Rxd5 Re6 27.
Rf5 Qe8 28. Qd4 Re5 29. Rf3 Qe6 30. Rg3 f6 31. Qh4 Kf8 32. Qd4 Re4 33. Qd3 f5
34. Rf3 Kg8 35. Rg3 a4 36. Qc3 Qe5 37. Qb4 Qa5 38. Qxa5 bxa5 39. bxa4 Rxc4 40.
Rf3 g6 41. Rf4 Rxf4 42. exf4 Kf7 43. Kf1 Ke6 44. Ke2 Kd5 0-1

[Event "Mistrovstvi CR senioru nad 60 let"]
[Site "Rychnov nad Kneznou"]
[Date "2015.08.15"]
[Round "1.21"]
[White "Sibl, Vaclav"]
[Black "Tejcek, Bohumil"]
[Result "1/2-1/2"]
[WhiteElo "1936"]
[BlackElo "1689"]
[PlyCount "74"]
[EventDate "2015.08.15"]

1. d4 d5 2. Nf3 e6 3. c3 Nf6 4. Bf4 Nbd7 5. e3 Be7 6. Ne5 c6 7. Nd2 O-O 8. Bd3
Nxe5 9. dxe5 Nd7 10. O-O f5 11. h3 Nc5 12. Bc2 Bd7 13. Kh1 Bg5 14. Bh2 Be8 15.
f4 Be7 16. Rg1 Ne4 17. Bxe4 dxe4 18. Nb3 Qb6 19. Qe2 c5 20. Bg3 Qb5 21. c4 Qb6
22. Be1 Qc7 23. g4 g6 24. h4 Kh8 25. Nd2 Rd8 26. Nf1 Rd3 27. gxf5 exf5 28. Qh2
Bf7 29. Bc3 Be6 30. h5 gxh5 31. Qxh5 Rg8 32. Rxg8+ Kxg8 33. Qe8+ Kg7 34. Nh2
Qd8 35. Rg1+ Kh6 36. Qb5 Rd1 37. Nf1 Qd7 1/2-1/2

[Event "Mistrovstvi CR senioru nad 60 let"]
[Site "Rychnov nad Kneznou"]
[Date "2015.08.15"]
[Round "1.22"]
[White "Istel, Oldrich"]
[Black "Pavlis, Jaromir"]
[Result "1/2-1/2"]
[WhiteElo "1683"]
[BlackElo "1923"]
[PlyCount "41"]
[EventDate "2015.08.15"]

1. Nf3 Nf6 2. g3 d5 3. d4 g6 4. Bg2 c6 5. c3 Bg7 6. O-O O-O 7. Bf4 Nbd7 8. Nbd2
Qb6 9. Nb3 Ne4 10. Ne5 Ndf6 11. f3 Nd6 12. g4 Nc4 13. Rb1 Nxe5 14. Bxe5 Nd7 15.
Bxg7 Kxg7 16. Kh1 Nf6 17. h3 Qc7 18. e4 Qf4 19. e5 Ne8 20. Qe2 h5 21. Nc5
1/2-1/2